[Event "Leiden SB-ch 1819"]
[Site "Leiden"]
[Date "2019.02.15"]
[Round "5"]
[White "Straver, Robert"]
[Black "Kat, Rudolf"]
[Result "1/2-1/2"]
[WhiteElo "2131"]
[BlackElo "1954"]
[PlyCount "62"]
[EventDate "2018.10.19"]
[EventType "swiss"]
[EventRounds "9"]
[EventCountry "NED"]
[SourceTitle "EXT 2023"]
[Source "ChessBase"]
[SourceDate "2022.10.05"]
[SourceVersion "1"]
[SourceVersionDate "2022.10.05"]
[SourceQuality "1"]

1. d4 d5 2. c4 dxc4 3. e4 Nc6 4. Be3 e5 5. d5 Na5 6. Qa4+ c6 7. dxc6 Nxc6 8. Bxc4 Bb4+ 9. Nc3 Nge7 10. Nge2 0-0 11. a3 Bxc3+ 12. Nxc3 Nd4 13. 0-0 Bd7 14. Qd1 Be6 15. Bxe6 Nxe6 16. Qb3 Nc6 17. Qxb7 Ncd4 18. Bxd4 exd4 19. Nd5 Rb8 20. Qxa7 Rxb2 21. Rad1 Qh4 22. Ne7+ Kh8 23. Nf5 Qxe4 24. Nxd4 Nf4 25. Nf3 Nxg2 26. Qxf7 Rbb8 27. Qd5 Qxf3 28. Qxf3 Rxf3 29. Kxg2 Rxa3 30. Rd7 Rf8 31. Rc1 Raf3 1/2-1/2

[Event "Leiden SB-ch 1819"]
[Site "Leiden"]
[Date "2018.12.07"]
[Round "3"]
[White "Straver, Robert"]
[Black "Tabak, Stefan"]
[Result "1/2-1/2"]
[WhiteElo "2131"]
[BlackElo "2179"]
[PlyCount "84"]
[EventDate "2018.10.19"]
[EventType "swiss"]
[EventRounds "9"]
[EventCountry "NED"]
[SourceTitle "EXT 2023"]
[Source "ChessBase"]
[SourceDate "2022.10.05"]
[SourceVersion "1"]
[SourceVersionDate "2022.10.05"]
[SourceQuality "1"]

1. e4 d6 2. d4 g6 3. Nc3 c6 4. Be3 Qc7 5. g3 Bg7 6. Bg2 Nd7 7. Nge2 Ngf6 8. h3 b5 9. a3 Bb7 10. 0-0 0-0 11. f4 a6 12. e5 Ne8 13. Ne4 c5 14. c3 Rd8 15. exd6 Nxd6 16. Nxd6 Bxg2 17. Kxg2 Qxd6 18. Kh2 Qe6 19. Bf2 Nf6 20. Qc2 Ne4 21. Rad1 Nxf2 22. Rxf2 cxd4 23. Nxd4 Bxd4 24. Rxd4 Rxd4 25. cxd4 Rc8 26. Qe2 Qd7 27. Qe5 e6 28. h4 Rd8 29. Rd2 Qc6 30. h5 Rd5 31. Qb8+ Kg7 32. h6+ Kf6 33. g4 Qc1 34. Rf2 Qe3 35. Rc2 Rxd4 36. Qh8+ Ke7 37. Rc7+ Rd7 38. Rxd7+ Kxd7 39. Qxh7 Qxf4+ 40. Kh3 Ke7 41. Qg7 Qf3+ 42. Kh4 Qf2+ 1/2-1/2

[Event "Leiden Noteboom Memorial 76th"]
[Site "Leiden"]
[Date "2016.02.05"]
[Round "1"]
[White "Straver, Robert"]
[Black "Ikonnikov, Vyacheslav"]
[Result "0-1"]
[WhiteElo "2142"]
[BlackElo "2544"]
[PlyCount "58"]
[EventDate "2016.02.05"]
[EventType "swiss"]
[EventRounds "6"]
[EventCountry "NED"]
[SourceTitle "CBM 170 Extra"]
[Source "ChessBase"]
[SourceDate "2016.02.25"]
[SourceVersion "1"]
[SourceVersionDate "2016.02.25"]
[SourceQuality "1"]

1. d4 Nf6 2. Bg5 c5 3. d5 Ne4 4. Bc1 g6 5. c4 Bg7 6. Qc2 Qa5+ 7. Nd2 f5 8. e3 Na6 9. a3 b5 10. Rb1 bxc4 11. Bxc4 Nd6 12. Ne2 Nxc4 13. Qxc4 Nc7 14. b4 cxb4 15. axb4 Qb6 16. Nc3 Bb7 17. Bb2 Bf6 18. Qb3 Bxc3 19. Qxc3 Rg8 20. Nc4 Nxd5 21. Nxb6 Nxc3 22. Bxc3 axb6 23. 0-0 b5 24. Ra1 Ra4 25. Rfd1 d6 26. Rd4 Rxa1+ 27. Bxa1 Kd7 28. Rd1 Rc8 29. h3 Rc4 0-1

[Event "Leiden Noteboom Memorial 75th"]
[Site "Leiden"]
[Date "2015.02.14"]
[Round "3"]
[White "Straver, Robert"]
[Black "Meissner, Felix"]
[Result "1/2-1/2"]
[WhiteElo "2143"]
[BlackElo "2248"]
[PlyCount "69"]
[EventDate "2015.02.13"]
[EventType "swiss"]
[EventRounds "6"]
[EventCountry "NED"]
[SourceTitle "CBM 164 Extra"]
[Source "ChessBase"]
[SourceDate "2015.03.02"]
[SourceVersion "1"]
[SourceVersionDate "2015.03.02"]
[SourceQuality "1"]

1. e4 c5 2. Nf3 d6 3. d4 cxd4 4. Nxd4 Nf6 5. Nc3 a6 6. Be3 e5 7. Nb3 Be6 8. f3 Be7 9. Qd2 0-0 10. 0-0-0 Nbd7 11. g4 b5 12. g5 b4 13. Ne2 Ne8 14. f4 a5 15. f5 Bxb3 16. cxb3 a4 17. bxa4 Rxa4 18. b3 Ra5 19. Kb1 Qa8 20. Ng3 d5 21. exd5 Bc5 22. Bxc5 Nxc5 23. Qb2 Nd6 24. Bd3 Nxd3 25. Rxd3 Rxd5 26. Rhd1 Rxd3 27. Rxd3 Nb5 28. Qxe5 Nc3+ 29. Rxc3 bxc3 30. Qxc3 Rc8 31. Qd2 Rd8 32. Qe2 Re8 33. Qd2 Rd8 34. Qe2 Re8 35. Qd2 1/2-1/2

[Event "Leiden SB-chA"]
[Site "Leiden"]
[Date "2014.05.20"]
[Round "2"]
[White "Straver, Robert"]
[Black "Kubbenga, Michael"]
[Result "1-0"]
[WhiteElo "2136"]
[BlackElo "1942"]
[PlyCount "128"]
[EventDate "2014.05.13"]
[EventType "swiss"]
[EventRounds "7"]
[EventCountry "NED"]
[SourceTitle "EXT 2015"]
[Source "ChessBase"]
[SourceDate "2014.11.20"]
[SourceVersion "1"]
[SourceVersionDate "2014.11.20"]
[SourceQuality "1"]

1. e4 e5 2. Nf3 Nc6 3. c3 Nf6 4. d4 d6 5. dxe5 Nxe5 6. Nxe5 dxe5 7. Qxd8+ Kxd8 8. Bg5 h6 9. Bh4 g5 10. Bg3 Bd6 11. Nd2 Nh5 12. Nc4 Nxg3 13. hxg3 Ke7 14. Nxd6 cxd6 15. Bc4 Be6 16. Bb3 Rad8 17. 0-0-0 Bxb3 18. axb3 Ke6 19. c4 Rc8 20. Rd5 Rc5 21. Rhd1 Rxd5 22. Rxd5 b6 23. Kc2 h5 24. Rd1 f6 25. b4 h4 26. Rh1 Rc8 27. Kd3 hxg3 28. fxg3 Rc7 29. g4 Rf7 30. Rh8 Kd7 31. b5 Kc7 32. b4 Kb7 33. Kc3 Kc7 34. c5 dxc5 35. bxc5 bxc5 36. Kc4 Rd7 37. Kxc5 Rd1 38. Rh7+ Kb8 39. Rf7 Rc1+ 40. Kd5 Rb1 41. Ke6 Rxb5 42. Kxf6 a5 43. Kxg5 Rb4 44. Kf5 Rb2 45. Re7 a4 46. Rxe5 Rf2+ 47. Kg5 a3 48. Ra5 a2 49. g3 Re2 50. Kh5 Rh2+ 51. Kg6 Kc7 52. g5 Kd7 53. Kg7 Ke7 54. g6 Rf2 55. Ra3 Rh2 56. e5 Rf2 57. g4 Rh2 58. Kg8 Rg2 59. g7 Rh2 60. g5 Rg2 61. Kh7 Rxg5 62. g8Q a1Q 63. Rxa1 Rh5+ 64. Kg6 Rg5+ 1-0

[Event "Leiden SB-ch"]
[Site "Leiden"]
[Date "2012.05.30"]
[Round "3"]
[White "Straver, Robert"]
[Black "Kubbenga, Michael"]
[Result "1-0"]
[WhiteElo "2107"]
[BlackElo "1896"]
[PlyCount "109"]
[EventDate "2012.05.15"]
[EventType "swiss"]
[EventRounds "7"]
[EventCountry "NED"]
[SourceTitle "EXT 2018"]
[Source "ChessBase"]
[SourceDate "2017.10.13"]
[SourceVersion "1"]
[SourceVersionDate "2017.10.13"]
[SourceQuality "1"]

1. e4 e5 2. Nf3 Nc6 3. d4 exd4 4. Nxd4 Nf6 5. Nc3 Bb4 6. Nxc6 bxc6 7. Bd3 d5 8. exd5 0-0 9. 0-0 cxd5 10. Qf3 c6 11. Bg5 h6 12. Bf4 Bd6 13. h3 Bxf4 14. Qxf4 Bd7 15. Na4 Qa5 16. Qd4 Rab8 17. a3 Rfe8 18. Nc5 Re7 19. b4 Qb6 20. Rae1 Rbe8 21. Re3 Bc8 22. Rfe1 Rxe3 23. Rxe3 Rxe3 24. Qxe3 Qc7 25. Nb3 Kf8 26. Qc5+ Ke8 27. Nd4 Bd7 28. b5 Qb6 29. Qxb6 axb6 30. bxc6 Bc8 31. Nb5 Ke7 32. c4 dxc4 33. Bxc4 Ne8 34. Bd5 f6 35. f4 Ba6 36. Nd4 Kd6 37. Bf7 Nc7 38. a4 Bc8 39. Kf2 Kc5 40. Ke3 Nd5+ 41. Bxd5 Kxd5 42. Nb5 Kxc6 43. Na7+ Kc7 44. Nxc8 Kxc8 45. Kd4 g6 46. Kd5 Kd7 47. g4 Ke7 48. Kc6 h5 49. Kxb6 f5 50. gxf5 gxf5 51. a5 Kd6 52. a6 Kd5 53. a7 Ke4 54. a8Q+ Kxf4 55. Qg2 1-0

[Event "Leiden SB-ch"]
[Site "Leiden"]
[Date "2011.06.28"]
[Round "7"]
[White "Straver, Robert"]
[Black "Geertsma, Folkert Jan"]
[Result "1-0"]
[WhiteElo "2143"]
[BlackElo "1976"]
[PlyCount "71"]
[EventDate "2011.05.17"]
[EventType "swiss"]
[EventRounds "7"]
[EventCountry "NED"]
[SourceTitle "EXT 2012"]
[Source "ChessBase"]
[SourceDate "2011.11.24"]
[SourceVersion "1"]
[SourceVersionDate "2011.11.24"]
[SourceQuality "1"]

1. d4 d5 2. c4 c6 3. Nc3 Nf6 4. e3 e6 5. Nf3 Be7 6. Qc2 Nbd7 7. Bd3 dxc4 8. Bxc4 Nb6 9. Bd3 Nbd5 10. a3 Nxc3 11. bxc3 c5 12. 0-0 Bd7 13. Rb1 Qc7 14. Qe2 a6 15. Ne5 0-0 16. f4 Rfd8 17. g4 Nd5 18. g5 Be8 19. Bxh7+ Kxh7 20. c4 Nf6 21. gxf6 Bxf6 22. Rf3 g6 23. Bb2 b5 24. Rh3+ Kg7 25. d5 exd5 26. Ng4 Bxb2 27. Qxb2+ d4 28. f5 gxf5 29. Nh6 Qe5 30. Rf1 Bd7 31. Qg2+ Kf8 32. Qg8+ Ke7 33. Qxf7+ Kd6 34. Rxf5 Rg8+ 35. Nxg8 Bxf5 36. Rh6+ 1-0

[Event "Leiden SB-ch"]
[Site "Leiden"]
[Date "2011.06.21"]
[Round "6"]
[White "Wagemans, Ed"]
[Black "Straver, Robert"]
[Result "1-0"]
[WhiteElo "1897"]
[BlackElo "2143"]
[PlyCount "53"]
[EventDate "2011.05.17"]
[EventType "swiss"]
[EventRounds "7"]
[EventCountry "NED"]
[SourceTitle "EXT 2012"]
[Source "ChessBase"]
[SourceDate "2011.11.24"]
[SourceVersion "1"]
[SourceVersionDate "2011.11.24"]
[SourceQuality "1"]

1. e4 d6 2. d4 Nf6 3. Nc3 Nbd7 4. Nf3 e5 5. Bg5 Be7 6. dxe5 dxe5 7. Bxf6 Bxf6 8. Nd5 0-0 9. Be2 Nc5 10. Nxf6+ Qxf6 11. Qd5 b6 12. Qxe5 Qxe5 13. Nxe5 Re8 14. Nd3 Rxe4 15. Nxc5 bxc5 16. 0-0-0 Rd4 17. Bf3 Rb8 18. c3 Rd6 19. Rd5 Be6 20. Rxc5 Bxa2 21. Rxc7 a6 22. Rd1 Re6 23. Rb7 Rbe8 24. b3 Re5 25. Kb2 Ra5 26. Ra1 Rd8 27. Rxa2 1-0

[Event "Leiden SB-ch"]
[Site "Leiden"]
[Date "2011.06.15"]
[Round "5"]
[White "Heemskerk, Wim"]
[Black "Straver, Robert"]
[Result "1-0"]
[WhiteElo "2285"]
[BlackElo "2143"]
[PlyCount "73"]
[EventDate "2011.05.17"]
[EventType "swiss"]
[EventRounds "7"]
[EventCountry "NED"]
[SourceTitle "EXT 2012"]
[Source "ChessBase"]
[SourceDate "2011.11.24"]
[SourceVersion "1"]
[SourceVersionDate "2011.11.24"]
[SourceQuality "1"]

1. d4 d5 2. c4 c6 3. Nf3 Nf6 4. e3 e6 5. b3 Nbd7 6. Bb2 Be7 7. Bd3 0-0 8. Nc3 b6 9. 0-0 Bb7 10. Qc2 Rc8 11. Rad1 Qc7 12. Ne5 dxc4 13. bxc4 Rfd8 14. f4 c5 15. Nb5 Qb8 16. Nxd7 Nxd7 17. Bxh7+ Kh8 18. d5 Nf8 19. Be4 exd5 20. cxd5 a6 21. Be5 Qa8 22. Nc7 Qa7 23. d6 Bf6 24. Nd5 Bxd5 25. Rxd5 Bxe5 26. fxe5 g6 27. Qf2 Kg8 28. Qh4 Nh7 29. Rf3 c4 30. Rh3 f5 31. exf6 Qf7 32. Bxg6 Qxg6 33. Rg3 Kf7 34. Rxg6 Kxg6 35. Qh5+ Kxf6 36. Qxh7 c3 37. Qe7+ 1-0

[Event "Leiden Noteboom Memorial 70th"]
[Site "Leiden"]
[Date "2010.02.12"]
[Round "1"]
[White "Ikonnikov, Vyacheslav"]
[Black "Straver, Robert"]
[Result "1-0"]
[WhiteElo "2560"]
[BlackElo "2186"]
[PlyCount "65"]
[EventDate "2010.02.12"]
[EventType "swiss"]
[EventRounds "6"]
[EventCountry "NED"]
[SourceTitle "CBM 134 Extra"]
[Source "ChessBase"]
[SourceDate "2010.03.03"]
[SourceVersion "1"]
[SourceVersionDate "2010.03.03"]
[SourceQuality "1"]

1. d4 d6 2. Nf3 g6 3. c4 Bg7 4. e4 e5 5. Bg5 f6 6. Bh4 Nc6 7. d5 Nce7 8. Nc3 Nh6 9. Be2 0-0 10. 0-0 Nf7 11. Nd2 g5 12. Bg3 Ng6 13. Bg4 Kh8 14. b4 Nf4 15. c5 Bxg4 16. Qxg4 f5 17. Qd1 Nxg2 18. Kxg2 f4 19. c6 b6 20. Qh5 Qe7 21. f3 fxg3 22. hxg3 Kg8 23. Rh1 h6 24. Nc4 a6 25. Ne3 Kh7 26. Ng4 Rh8 27. Nd1 a5 28. b5 Kg8 29. Nde3 Rh7 30. Nf5 Qf8 31. Qg6 Kh8 32. Nf6 Bxf6 33. Qxf6+ 1-0

[Event "Leiden SB-ch"]
[Site "Leiden"]
[Date "2009.06.30"]
[Round "7"]
[White "Straver, Robert"]
[Black "Van den Berg, Ad"]
[Result "0-1"]
[WhiteElo "2184"]
[BlackElo "2185"]
[PlyCount "124"]
[EventDate "2009.05.19"]
[EventType "swiss"]
[EventRounds "7"]
[EventCountry "NED"]
[SourceTitle "EXT 2012"]
[Source "ChessBase"]
[SourceDate "2011.11.24"]
[SourceVersion "1"]
[SourceVersionDate "2011.11.24"]
[SourceQuality "1"]

1. d4 d6 2. Nf3 Nf6 3. g3 g6 4. Bg2 Bg7 5. 0-0 0-0 6. c4 Nbd7 7. Nc3 e5 8. e4 Re8 9. d5 Re7 10. b4 a5 11. bxa5 Rxa5 12. Nd2 Nc5 13. Nb3 Nxb3 14. Qxb3 Nd7 15. Qb4 b6 16. Be3 Qf8 17. Nb5 Nc5 18. Qd2 Ra4 19. Qc2 Ra8 20. a4 Nb7 21. Bd2 Bh6 22. f4 Na5 23. Bb4 Qd8 24. Rae1 Bg7 25. f5 f6 26. Kh1 Rf7 27. g4 Bh6 28. h4 Bf4 29. Nd4 Bg3 30. Bxa5 exd4 31. Bd2 Bxh4 32. Ra1 Bg3 33. Qd3 Be5 34. a5 bxa5 35. Bxa5 Qf8 36. Bd2 Rxa1 37. Rxa1 g5 38. Ra8 Qe8 39. Ba5 c5 40. Qb3 Rf8 41. Bf3 Qf7 42. Kg2 Qg7 43. Bd1 Qb7 44. Qxb7 Bxb7 45. Ra7 Ra8 46. Rxa8+ Bxa8 47. Ba4 Bb7 48. Kf3 Kf7 49. Bd8 Ba6 50. Bb5 Bxb5 51. cxb5 Ke8 52. Ba5 c4 53. Ke2 Kd7 54. Kd1 Kc8 55. Bb4 Kb7 56. Ba5 d3 57. Kd2 h6 58. Bc3 Bxc3+ 59. Kxc3 Kb6 60. e5 dxe5 61. d6 e4 62. Kd2 Kb7 0-1

[Event "Leiden SB-ch"]
[Site "Leiden"]
[Date "2009.05.26"]
[Round "2"]
[White "Verheijen, Jan"]
[Black "Straver, Robert"]
[Result "0-1"]
[WhiteElo "1655"]
[BlackElo "2184"]
[PlyCount "72"]
[EventDate "2009.05.19"]
[EventType "swiss"]
[EventRounds "7"]
[EventCountry "NED"]
[SourceTitle "EXT 2012"]
[Source "ChessBase"]
[SourceDate "2011.11.24"]
[SourceVersion "1"]
[SourceVersionDate "2011.11.24"]
[SourceQuality "1"]

1. c4 e5 2. Nc3 Nf6 3. g3 c6 4. Bg2 d6 5. Nf3 Be7 6. 0-0 0-0 7. d4 Nbd7 8. d5 c5 9. Nh4 Nb6 10. b3 Ne8 11. Nf3 a6 12. Bb2 Rb8 13. Nd2 Nd7 14. f4 f5 15. e4 exf4 16. Rxf4 Ne5 17. Qc2 Bg5 18. Rff1 f4 19. Ne2 fxg3 20. Rxf8+ Kxf8 21. Nxg3 Ng4 22. Ndf1 Kg8 23. Re1 Qe7 24. Qe2 Ne5 25. Nd2 Bg4 26. Nf3 Bf4 27. Nf5 Qf8 28. N5h4 Nf6 29. Qc2 g6 30. Nxe5 dxe5 31. Nf3 Re8 32. Qf2 Qh6 33. Bc3 Qh5 34. h3 Bxh3 35. Bxh3 Qxh3 36. Nxe5 Qxc3 0-1